Wszystkie Poziomy z Raymana 2 - Statystyki

Ogólne statystyki
  • Ten quiz został rozwiązany 6 razy
  • Średni wynik to 5 z 21
Statystyki odpowiedzi
Nazwa Levela % Poprawnych
Jaskinia Złych Snów
100%
Pod Świątynią Skał i Lawy
67%
Świątynia Kamieni i Ognia
67%
Świątynia Skał i Lawy
67%
Bagno
33%
Czarodziejska Polana
33%
Moczary Przebudzenia
33%
Sklepienie
33%
Świątynia Wody i Lodu
33%
Urwisko
33%
Cierniowe Wzgórza
0%
Grobowiec Starożytnych
0%
Jaskinie Echa
0%
Ścieżka Mocy
0%
Ścieżka Życia
0%
Statek Więzienny
0%
Świetliste Lasy
0%
Szczyt Świata
0%
Wronie Gniazdo
0%
Zatoka Wielorybów
0%
Żelazowe Góry
0%
Nie znaleziono quizów pasujących do podanych kryteriów
Rozkład punktacji
Procent ludzi z każdym wynikiem
Percentyl według liczby udzielonych odpowiedzi
Twoja historia wyników
Nie rozwiązałeś tego quizu